[Event "I OPEN INTERNACIONAL HOTEL MURTA (Event code: 116333)"]
[Site "Hotel Murta, Carrer Catedràtic Angel Lacalle, s/n, 46800 Xativa (Valencia)"]
[Date "2015.08.28"]
[Round "7"]
[Board "10"]
[White "Llerena Achutegui, Mariano"]
[Black "Gonzalvez Tamarit, Ruben"]
[Result "0-1"]
[WhiteElo "1616"]
[BlackElo "1929"]
[PlyCount "34"]
[EventDate "2015.08.25"]
[EventRounds "9"]
[EventCountry "ESP"]

1. e4 e5 2. Bc4 Bc5 3. Nf3 Nc6 4. c3 Nf6 5. d4 exd4 6. cxd4 Bb4+ 7. Bd2 Bxd2+
8. Nbxd2 d5 9. exd5 Nxd5 10. O-O O-O 11. Rc1 Bg4 12. h3 Bh5 13. Be2 Nf4 14. Re1
Re8 15. Nb3 Rxe2 16. Rxe2 Bxf3 17. Re8+ Qxe8 0-1

[Event "I OPEN INTERNACIONAL HOTEL MURTA (Event code: 116333)"]
[Site "Hotel Murta, Carrer Catedràtic Angel Lacalle, s/n, 46800 Xativa (Valencia)"]
[Date "2015.08.28"]
[Round "8"]
[Board "1"]
[White "Cortes Marti, Javier"]
[Black "Cruz Lledo, Pablo"]
[Result "0-1"]
[WhiteElo "2081"]
[BlackElo "2291"]
[PlyCount "60"]
[EventDate "2015.08.25"]
[EventRounds "9"]
[EventCountry "ESP"]

1. d4 d5 2. c4 dxc4 3. Nf3 Nf6 4. e3 g6 5. Bxc4 Bg7 6. O-O O-O 7. b3 c5 8. Bb2
cxd4 9. Nxd4 a6 10. a4 e5 11. Nf3 Nfd7 12. Qc2 Nc6 13. Rd1 Qe7 14. e4 Nb6 15.
Be2 a5 16. Nc3 Be6 17. Nd5 Bxd5 18. exd5 Nb4 19. d6 Qe6 20. Qc5 Qxb3 21. Rab1
Nxa4 22. Qc7 Nxb2 23. Rdc1 e4 24. Nd2 Qe6 25. Nc4 Rac8 26. Nxb2 Rxc7 27. dxc7
Bxb2 28. Rxb2 Nd3 29. Bxd3 exd3 30. h3 Rc8 0-1

[Event "I OPEN INTERNACIONAL HOTEL MURTA (Event code: 116333)"]
[Site "Hotel Murta, Carrer Catedràtic Angel Lacalle, s/n, 46800 Xativa (Valencia)"]
[Date "2015.08.28"]
[Round "8"]
[Board "2"]
[White "Granero Roca, Antonio"]
[Black "Garcia Amoros, Pablo"]
[Result "1-0"]
[WhiteElo "2397"]
[BlackElo "2153"]
[PlyCount "85"]
[EventDate "2015.08.25"]
[EventRounds "9"]
[EventCountry "ESP"]

1. d4 Nf6 2. c4 d6 3. Nf3 g6 4. Nc3 Bf5 5. g3 c6 6. Bg2 Bg7 7. O-O O-O 8. Nh4
Be6 9. d5 cxd5 10. cxd5 Bd7 11. Be3 Na6 12. Rc1 Qa5 13. Nf3 Rfc8 14. h3 Be8 15.
Bd4 Nd7 16. Bxg7 Kxg7 17. Qd4+ Kg8 18. Qh4 Qd8 19. Ng5 Nf8 20. Rfd1 Qb6 21.
Nge4 Rc7 22. Rd2 Kg7 23. g4 h6 24. g5 hxg5 25. Nxg5 Rac8 26. Qg3 Nb4 27. Rcd1
Nd7 28. h4 Nf6 29. Bf3 Bd7 30. h5 Rh8 31. hxg6 fxg6 32. Nce4 Nbxd5 33. Nxd6 Ne3
34. Qe5 Nf5 35. e4 exd6 36. Rxd6 Nxd6 37. Rxd6 Rc1+ 38. Kg2 Rh2+ 39. Qxh2 Qb5
40. e5 Nh5 41. Rxg6+ Kxg6 42. Qxh5+ Kg7 43. Qh7+ 1-0

[Event "I OPEN INTERNACIONAL HOTEL MURTA (Event code: 116333)"]
[Site "Hotel Murta, Carrer Catedràtic Angel Lacalle, s/n, 46800 Xativa (Valencia)"]
[Date "2015.08.28"]
[Round "8"]
[Board "3"]
[White "Uran Bermudez, Oliver Kevin"]
[Black "Sanchez Saez, Francisco"]
[Result "0-1"]
[WhiteElo "2216"]
[BlackElo "2227"]
[PlyCount "100"]
[EventDate "2015.08.25"]
[EventRounds "9"]
[EventCountry "ESP"]

1. e4 g6 2. Nf3 Bg7 3. d4 d6 4. Nc3 a6 5. Nd2 Bxd4 6. Bc4 e6 7. O-O Nc6 8. Nb3
Bg7 9. a4 Nge7 10. Bg5 h6 11. Be3 O-O 12. Qd2 Kh7 13. Rad1 f5 14. f3 e5 15. Qe2
f4 16. Bf2 Qe8 17. Rd2 g5 18. Rb1 Qg6 19. Kf1 g4 20. Ke1 h5 21. Kd1 Kh8 22. Kc1
g3 23. hxg3 fxg3 24. Be3 h4 25. Rd1 Nd4 26. Nxd4 exd4 27. Bxd4 Bxd4 28. Rxd4 h3
29. Rd1 h2 30. b3 Nc6 31. Kb2 Ne5 32. Rf1 b5 33. axb5 axb5 34. Nxb5 Qg7 35. c3
Bh3 36. f4 Nxc4+ 37. bxc4 Bg4 38. Qe3 Be6 39. Qd3 Ra4 40. Qd1 Rfa8 41. Nd4 Bxc4
42. Qh5+ Kg8 43. Rh1 c5 44. Nc2 Ra2+ 45. Kc1 Qxc3 46. Qg6+ Qg7 47. Qxd6 Rxc2+
48. Kxc2 Ra2+ 49. Kd1 Be2+ 50. Ke1 Qc3+ 0-1

[Event "I OPEN INTERNACIONAL HOTEL MURTA (Event code: 116333)"]
[Site "Hotel Murta, Carrer Catedràtic Angel Lacalle, s/n, 46800 Xativa (Valencia)"]
[Date "2015.08.28"]
[Round "8"]
[Board "4"]
[White "Montalban Galvez, Antoni"]
[Black "Sanchez Jerez, Emilio Miguel"]
[Result "1-0"]
[WhiteElo "2186"]
[BlackElo "2187"]
[PlyCount "67"]
[EventDate "2015.08.25"]
[EventRounds "9"]
[EventCountry "ESP"]

1. Nf3 g6 2. d4 f5 3. c4 Nf6 4. g3 Bg7 5. Bg2 O-O 6. O-O d6 7. Nc3 Nc6 8. d5
Na5 9. Nd2 c5 10. a3 Ng4 11. Qc2 Ne5 12. b3 a6 13. Bb2 Rb8 14. Nd1 b5 15. f4
Nf7 16. Bxg7 Kxg7 17. e4 e5 18. dxe6 Bxe6 19. Qc3+ Qf6 20. e5 dxe5 21. Qxa5
exf4 22. Qc3 fxg3 23. Qxf6+ Kxf6 24. Ne4+ Ke7 25. Nxc5 gxh2+ 26. Kxh2 bxc4 27.
Re1 Ng5 28. Nxe6 Nxe6 29. Bd5 Rb6 30. Bxc4 Kf6 31. Nc3 Rd6 32. Rad1 Nd4 33.
Nd5+ Rxd5 34. Bxd5 1-0

[Event "I OPEN INTERNACIONAL HOTEL MURTA (Event code: 116333)"]
[Site "Hotel Murta, Carrer Catedràtic Angel Lacalle, s/n, 46800 Xativa (Valencia)"]
[Date "2015.08.28"]
[Round "8"]
[Board "5"]
[White "Hassomal Daswani, Birjkumar"]
[Black "Martin Rodriguez, Emilio"]
[Result "0-1"]
[WhiteElo "2109"]
[BlackElo "2098"]
[PlyCount "146"]
[EventDate "2015.08.25"]
[EventRounds "9"]
[EventCountry "ESP"]

1. e4 c6 2. d4 d5 3. e5 c5 4. c3 Nc6 5. h3 Bf5 6. a3 cxd4 7. cxd4 Qb6 8. Nf3
Be4 9. Nc3 Bxf3 10. Qxf3 e6 11. Bb5 Nge7 12. g4 a6 13. Ba4 Ng6 14. Qd3 h5 15.
gxh5 Rxh5 16. Rg1 O-O-O 17. Bxc6 Qxc6 18. Bg5 Rd7 19. Rc1 Rc7 20. Ne2 Qb6 21.
Rxc7+ Qxc7 22. Kd2 Kb8 23. Qf3 Rh8 24. Rc1 Qd7 25. Qb3 Be7 26. Bxe7 Qxe7 27.
Rc3 Qg5+ 28. Kd1 Rc8 29. Qb6 Rxc3 30. bxc3 Qe7 31. a4 Qc7 32. Qb4 Ka7 33. Kd2
Ne7 34. Nc1 Nc6 35. Qc5+ Qb6 36. Nd3 Qxc5 37. Nxc5 Kb6 38. f4 Kc7 39. Ke3 a5
40. Kf3 b6 41. Nd3 Na7 42. Kg4 Kd8 43. h4 Ke7 44. h5 f5+ 45. exf6+ Kxf6 46. Ne5
b5 47. Nd7+ Kf7 48. Nc5 bxa4 49. Nxa4 Kf6 50. Nc5 Nb5 51. Na4 Nd6 52. Kf3 Kf5
53. Nc5 Ne4 54. Na4 Nf6 55. Nb6 Nxh5 56. c4 dxc4 57. Nxc4 a4 58. Ne3+ Kf6 59.
Nc2 Ke7 60. Kg4 Nf6+ 61. Kg5 Nd5 62. f5 Nc3 63. fxe6 Kxe6 64. Kg6 Kd5 65. Kxg7
Kc4 66. Kf7 Kb3 67. d5 Nxd5 68. Nd4+ Kc4 69. Nc2 Kb3 70. Nd4+ Kb2 71. Nb5 Nc3
72. Nd6 Kb3 73. Nf5 a3 0-1

[Event "I OPEN INTERNACIONAL HOTEL MURTA (Event code: 116333)"]
[Site "Hotel Murta, Carrer Catedràtic Angel Lacalle, s/n, 46800 Xativa (Valencia)"]
[Date "2015.08.28"]
[Round "8"]
[Board "6"]
[White "Pallas I Garrido, Ernest Josep"]
[Black "Castella Garcia, Fausto"]
[Result "0-1"]
[WhiteElo "1772"]
[BlackElo "2310"]
[PlyCount "56"]
[EventDate "2015.08.25"]
[EventRounds "9"]
[EventCountry "ESP"]

1. d4 Nf6 2. e3 g6 3. Bd3 Bg7 4. f4 d6 5. Nf3 O-O 6. O-O c5 7. c3 Nc6 8. Bd2 e5
9. fxe5 dxe5 10. e4 exd4 11. Bg5 h6 12. Bh4 Bg4 13. Qc2 dxc3 14. bxc3 Bxf3 15.
Rxf3 Ne5 16. Nd2 Nxf3+ 17. Nxf3 Qa5 18. Bxf6 Bxf6 19. e5 Bg7 20. Rb1 c4 21. Be4
Bxe5 22. Bxg6 fxg6 23. Qxg6+ Bg7 24. Qe6+ Kh7 25. Nh4 Rae8 26. Qg6+ Kg8 27. h3
Qxc3 28. Nf5 Re1+ 0-1

[Event "I OPEN INTERNACIONAL HOTEL MURTA (Event code: 116333)"]
[Site "Hotel Murta, Carrer Catedràtic Angel Lacalle, s/n, 46800 Xativa (Valencia)"]
[Date "2015.08.28"]
[Round "8"]
[Board "7"]
[White "Gonzalvez Tamarit, Ruben"]
[Black "Morant Amezaga, Elies"]
[Result "0-1"]
[WhiteElo "1929"]
[BlackElo "1975"]
[PlyCount "88"]
[EventDate "2015.08.25"]
[EventRounds "9"]
[EventCountry "ESP"]

1. e4 e5 2. Nf3 Nf6 3. Nxe5 d6 4. Nf3 Nxe4 5. Nc3 Nf6 6. d4 Be7 7. Be2 O-O 8.
O-O d5 9. Bg5 Re8 10. Re1 Bf5 11. Nh4 Be6 12. Bd3 h6 13. Bxf6 Bxf6 14. Nf5 Bxf5
15. Rxe8+ Qxe8 16. Bxf5 c6 17. Ne2 Na6 18. c3 g6 19. Bd3 Nc7 20. Qd2 Kg7 21.
Ng3 Qd7 22. Re1 Re8 23. Rxe8 Qxe8 24. Qe2 Qxe2 25. Nxe2 Be7 26. g3 f5 27. Nc1
Kf6 28. Nb3 Ne6 29. Kg2 g5 30. f3 h5 31. Kf2 Bd6 32. h3 h4 33. gxh4 gxh4 34.
Bf1 b6 35. Nc1 Bg3+ 36. Ke2 Kg5 37. Nd3 c5 38. dxc5 bxc5 39. Bg2 Bf4 40. Kf2 a5
41. Nxf4 Kxf4 42. a3 c4 43. Bf1 Nc5 44. Ke2 Na4 0-1

[Event "I OPEN INTERNACIONAL HOTEL MURTA (Event code: 116333)"]
[Site "Hotel Murta, Carrer Catedràtic Angel Lacalle, s/n, 46800 Xativa (Valencia)"]
[Date "2015.08.28"]
[Round "8"]
[Board "8"]
[White "Marco Francisco, Miriam"]
[Black "Banos, Oscar"]
[Result "1-0"]
[WhiteElo "1835"]
[BlackElo "2237"]
[PlyCount "55"]
[EventDate "2015.08.25"]
[EventRounds "9"]
[EventCountry "ESP"]

1. e4 e6 2. Qe2 c5 3. g3 Nc6 4. Nf3 d6 5. Bg2 Be7 6. d3 Nf6 7. O-O O-O 8. c3
Qc7 9. Nbd2 b6 10. Ng5 h6 11. Nh3 Ba6 12. f4 Rad8 13. Re1 Rfe8 14. Nf1 Bf8 15.
Ne3 d5 16. e5 d4 17. exf6 dxe3 18. Bxe3 Bxd3 19. Qf3 Nb8 20. fxg7 Bxg7 21. g4
f5 22. g5 Kh7 23. Qh5 e5 24. fxe5 Bxe5 25. Bf4 Re7 26. g6+ Kg8 27. Qxh6 Rde8
28. Bd5+ 1-0

[Event "I OPEN INTERNACIONAL HOTEL MURTA (Event code: 116333)"]
[Site "Hotel Murta, Carrer Catedràtic Angel Lacalle, s/n, 46800 Xativa (Valencia)"]
[Date "2015.08.28"]
[Round "8"]
[Board "9"]
[White "Villacorta Nicolas, David"]
[Black "Serrano Felipe, Rafael"]
[Result "1/2-1/2"]
[WhiteElo "1854"]
[BlackElo "2168"]
[PlyCount "57"]
[EventDate "2015.08.25"]
[EventRounds "9"]
[EventCountry "ESP"]

1. e4 c5 2. Nf3 Nc6 3. d4 cxd4 4. Nxd4 e5 5. Nb5 d6 6. N1c3 a6 7. Na3 b5 8. Nd5
Nce7 9. c4 Nxd5 10. Qxd5 Be6 11. Qd1 Nf6 12. cxb5 Nxe4 13. bxa6 Nc5 14. Bb5+
Bd7 15. Bxd7+ Qxd7 16. O-O Nxa6 17. Nc4 Qc6 18. Ne3 Nc7 19. a4 d5 20. Qc2 Qxc2
21. Nxc2 Na6 22. Bd2 Rb8 23. Rfb1 Rb3 24. Ra2 Bd6 25. Kf1 Ke7 26. Na1 Rbb8 27.
Nc2 Rb3 28. Na1 Rbb8 29. Nc2 1/2-1/2

[Event "I OPEN INTERNACIONAL HOTEL MURTA (Event code: 116333)"]
[Site "Hotel Murta, Carrer Catedràtic Angel Lacalle, s/n, 46800 Xativa (Valencia)"]
[Date "2015.08.28"]
[Round "8"]
[Board "10"]
[White "Reig Albero, Ferran"]
[Black "Crespo Calatayud, Santiago"]
[Result "1-0"]
[WhiteElo "2067"]
[BlackElo "1835"]
[PlyCount "45"]
[EventDate "2015.08.25"]
[EventRounds "9"]
[EventCountry "ESP"]

1. e4 c5 2. Nf3 Nc6 3. d4 cxd4 4. Nxd4 g6 5. Nc3 Bg7 6. Be3 Nf6 7. Bc4 O-O 8.
Bb3 d6 9. h3 Na5 10. O-O Bd7 11. f4 a6 12. e5 Nxb3 13. exf6 Bxf6 14. axb3 e6
15. Qd2 d5 16. Nf3 Bc6 17. Bd4 Rc8 18. Rae1 Bxd4+ 19. Qxd4 Rc7 20. Ne5 Qh4 21.
Kh2 Rfc8 22. Ng4 h5 23. Nf6+ 1-0

[Event "I OPEN INTERNACIONAL HOTEL MURTA (Event code: 116333)"]
[Site "Hotel Murta, Carrer Catedràtic Angel Lacalle, s/n, 46800 Xativa (Valencia)"]
[Date "2015.08.29"]
[Round "9"]
[Board "1"]
[White "Martin Rodriguez, Emilio"]
[Black "Granero Roca, Antonio"]
[Result "0-1"]
[WhiteElo "2098"]
[BlackElo "2397"]
[PlyCount "78"]
[EventDate "2015.08.25"]
[EventRounds "9"]
[EventCountry "ESP"]

1. d4 Nf6 2. c4 c5 3. d5 b5 4. Nd2 g6 5. e4 d6 6. cxb5 a6 7. b6 Nbd7 8. a4 Qxb6
9. a5 Qb7 10. Ngf3 Bg7 11. Be2 O-O 12. O-O Rb8 13. Ra3 Qc7 14. Qc2 Ng4 15. Ne1
Nh6 16. f4 f5 17. Nef3 fxe4 18. Nxe4 Nf6 19. Nc3 Nf5 20. h3 Nd4 21. Qd1 Rb4 22.
Bd3 Nh5 23. Ng5 Ng3 24. Re1 c4 25. Bb1 Ngf5 26. Kh2 Nb5 27. Nxb5 Rxb5 28. Bxf5
Bxf5 29. Qe2 Bf6 30. g4 Bc8 31. Ne6 Bxe6 32. Qxe6+ Rf7 33. f5 g5 34. h4 Qc5 35.
hxg5 Qf2+ 36. Kh3 Bxg5 37. Bxg5 Rxb2 38. Bf4 Qxf4 39. Kh4 Rh2+ 0-1

[Event "I OPEN INTERNACIONAL HOTEL MURTA (Event code: 116333)"]
[Site "Hotel Murta, Carrer Catedràtic Angel Lacalle, s/n, 46800 Xativa (Valencia)"]
[Date "2015.08.29"]
[Round "9"]
[Board "2"]
[White "Sanchez Saez, Francisco"]
[Black "Montalban Galvez, Antoni"]
[Result "0-1"]
[WhiteElo "2227"]
[BlackElo "2186"]
[PlyCount "142"]
[EventDate "2015.08.25"]
[EventRounds "9"]
[EventCountry "ESP"]

1. e4 c6 2. d4 d5 3. Nc3 dxe4 4. Bc4 Nf6 5. f3 exf3 6. Nxf3 Bf5 7. Bg5 e6 8.
Qe2 Be7 9. O-O-O Nbd7 10. Kb1 Nd5 11. Bxd5 cxd5 12. Bxe7 Qxe7 13. Rhe1 Qd6 14.
Ne5 Nxe5 15. dxe5 Qc6 16. g4 Bg6 17. h4 h5 18. Rd4 Rc8 19. a3 a6 20. Rc1 Qc5
21. Qd2 Qe7 22. g5 O-O 23. Ka1 Rc6 24. Ne2 Qc7 25. Nf4 Rxc2 26. Rxc2 Qxc2 27.
Qxc2 Bxc2 28. Nxh5 Rc8 29. b4 Bg6 30. Nf4 Rc1+ 31. Kb2 Re1 32. Nxg6 fxg6 33. b5
axb5 34. Rb4 Rxe5 35. Rxb5 Re4 36. Rxb7 Rxh4 37. Rb8+ Kf7 38. Rb7+ Kg8 39. Rb8+
Kh7 40. Re8 Rg4 41. a4 Rxa4 42. Rxe6 Rf4 43. Re1 Rf5 44. Rg1 Kg8 45. Kc3 Kf7
46. Kd3 Ke6 47. Re1+ Re5 48. Rg1 Re4 49. Ra1 Rg4 50. Ra6+ Kf5 51. Rd6 Rxg5 52.
Rxd5+ Kf4 53. Rd7 Re5 54. Kd4 Re1 55. Rf7+ Kg4 56. Rxg7 g5 57. Kd3 Kf4 58. Kd2
Re5 59. Ra7 g4 60. Ra4+ Kf3 61. Ra3+ Kf2 62. Ra7 Rd5+ 63. Kc3 g3 64. Rf7+ Kg1
65. Kc4 Rd1 66. Kc3 g2 67. Kc2 Rf1 68. Rg7 Kf2 69. Rf7+ Ke3 70. Re7+ Kd4 71.
Rd7+ Kc5 0-1

[Event "I OPEN INTERNACIONAL HOTEL MURTA (Event code: 116333)"]
[Site "Hotel Murta, Carrer Catedràtic Angel Lacalle, s/n, 46800 Xativa (Valencia)"]
[Date "2015.08.29"]
[Round "9"]
[Board "3"]
[White "Castella Garcia, Fausto"]
[Black "Cortes Marti, Javier"]
[Result "1-0"]
[WhiteElo "2310"]
[BlackElo "2081"]
[PlyCount "45"]
[EventDate "2015.08.25"]
[EventRounds "9"]
[EventCountry "ESP"]

1. e4 e5 2. Nf3 Nc6 3. Bb5 a6 4. Ba4 Bc5 5. O-O d6 6. d4 exd4 7. Nxd4 Bd7 8.
Nf5 Qf6 9. Nc3 Nge7 10. Nxe7 Qxe7 11. Nd5 Qd8 12. Qh5 h6 13. Bb3 Ne5 14. h3 c6
15. Ne3 Qf6 16. f4 Ng6 17. e5 Qe7 18. exd6 Bxe3+ 19. Kh1 Nxf4 20. Rxf4 Qxd6 21.
Qxf7+ Kd8 22. Bxe3 Kc7 23. Rd4 1-0

[Event "I OPEN INTERNACIONAL HOTEL MURTA (Event code: 116333)"]
[Site "Hotel Murta, Carrer Catedràtic Angel Lacalle, s/n, 46800 Xativa (Valencia)"]
[Date "2015.08.29"]
[Round "9"]
[Board "4"]
[White "Morant Amezaga, Elies"]
[Black "Gonzalvez Perales, Jose Luis"]
[Result "1-0"]
[WhiteElo "1975"]
[BlackElo "2010"]
[PlyCount "67"]
[EventDate "2015.08.25"]
[EventRounds "9"]
[EventCountry "ESP"]

1. d4 Nf6 2. c4 g6 3. Nc3 Bg7 4. e4 d6 5. Nf3 O-O 6. Be2 e5 7. O-O Nc6 8. d5
Ne7 9. Kh1 Nh5 10. Ng1 Nf4 11. Bf3 f5 12. g3 fxe4 13. Nxe4 Nh3 14. Bg2 Nxg1 15.
Kxg1 Nf5 16. b4 a5 17. bxa5 Rxa5 18. Bd2 Ra7 19. a4 c6 20. Bg5 Qc7 21. c5 h6
22. cxd6 Nxd6 23. Be3 Ra5 24. Bc5 Nxe4 25. Bxf8 Nc3 26. Qc2 Kxf8 27. Qxc3 e4
28. Qa3+ Kg8 29. d6 Qd7 30. Rae1 Rd5 31. Rxe4 Rxd6 32. Bh3 Qxh3 33. Qxd6 Bg4
34. f3 1-0

[Event "I OPEN INTERNACIONAL HOTEL MURTA (Event code: 116333)"]
[Site "Hotel Murta, Carrer Catedràtic Angel Lacalle, s/n, 46800 Xativa (Valencia)"]
[Date "2015.08.29"]
[Round "9"]
[Board "5"]
[White "Sanchez Jerez, Emilio Miguel"]
[Black "Reig Albero, Ferran"]
[Result "1-0"]
[WhiteElo "2187"]
[BlackElo "2067"]
[PlyCount "53"]
[EventDate "2015.08.25"]
[EventRounds "9"]
[EventCountry "ESP"]

1. Nc3 Nf6 2. e4 d6 3. d4 g6 4. Be3 a6 5. Qd2 Nbd7 6. O-O-O b5 7. f3 Bb7 8. g4
h6 9. h4 Nb6 10. b3 h5 11. g5 Nfd7 12. Bg2 Bg7 13. f4 c5 14. Nh3 cxd4 15. Bxd4
Bxd4 16. Qxd4 O-O 17. Rhe1 Rc8 18. Rd2 Rc5 19. Nd5 Nxd5 20. exd5 Nb6 21. f5
Bxd5 22. fxg6 fxg6 23. b4 e5 24. Qd3 e4 25. Bxe4 Bxe4 26. Qxe4 Rcf5 27. Qe6+
 1-0

[Event "I OPEN INTERNACIONAL HOTEL MURTA (Event code: 116333)"]
[Site "Hotel Murta, Carrer Catedràtic Angel Lacalle, s/n, 46800 Xativa (Valencia)"]
[Date "2015.08.29"]
[Round "9"]
[Board "6"]
[White "Garcia Amoros, Pablo"]
[Black "Marco Francisco, Miriam"]
[Result "1-0"]
[WhiteElo "2153"]
[BlackElo "1835"]
[PlyCount "53"]
[EventDate "2015.08.25"]
[EventRounds "9"]
[EventCountry "ESP"]

1. e4 d5 2. exd5 Qxd5 3. Nc3 Qd6 4. d4 Nf6 5. Nf3 Bg4 6. h3 Bxf3 7. Qxf3 c6 8.
Be3 e6 9. O-O-O Be7 10. g4 Nd5 11. Ne4 Qb4 12. Bd2 Qb6 13. c4 Nf6 14. Be3 Qa5
15. Nxf6+ Bxf6 16. Kb1 Nd7 17. h4 h6 18. Be2 Rd8 19. g5 hxg5 20. hxg5 Rxh1 21.
Qxh1 Bxg5 22. Qh5 Qf5+ 23. Bd3 Nf6 24. Qxg5 Qf3 25. Bc2 Ne4 26. Qh4 f5 27. Qh8+
 1-0

[Event "I OPEN INTERNACIONAL HOTEL MURTA (Event code: 116333)"]
[Site "Hotel Murta, Carrer Catedràtic Angel Lacalle, s/n, 46800 Xativa (Valencia)"]
[Date "2015.08.29"]
[Round "9"]
[Board "7"]
[White "Albuixec Sanz, Jorge"]
[Black "Villar, Juan"]
[Result "0-1"]
[WhiteElo "1806"]
[BlackElo "2008"]
[PlyCount "139"]
[EventDate "2015.08.25"]
[EventRounds "9"]
[EventCountry "ESP"]

1. e4 c5 2. Nc3 a6 3. a4 d6 4. f4 Nc6 5. Nf3 Bg4 6. Be2 e6 7. O-O Nf6 8. h3
Bxf3 9. Bxf3 Qc7 10. d3 Be7 11. f5 Nd4 12. fxe6 fxe6 13. e5 dxe5 14. Ne4 O-O-O
15. Ng5 Rhf8 16. c3 Nxf3+ 17. Rxf3 Qc6 18. Qe2 h6 19. Ne4 Nxe4 20. Rxf8 Bxf8
21. dxe4 c4 22. Bd2 Bc5+ 23. Kh2 Rf8 24. Be1 Rf4 25. Bg3 Rxe4 26. Qh5 Be3 27.
Rd1 Bf4 28. Bxf4 Rxf4 29. Qxe5 Rf5 30. Qxg7 Qc7+ 31. Qg3 Rg5 32. Qd6 Rg6 33. g3
Qxd6 34. Rxd6 Kc7 35. Rd4 b5 36. axb5 axb5 37. Rf4 Kd6 38. Kg2 e5 39. Rf5 Kd5
40. Kf3 b4 41. g4 Ra6 42. cxb4 Rb6 43. Rf8 Rxb4 44. Rd8+ Kc5 45. Rc8+ Kd5 46.
Rd8+ Kc6 47. Rd2 Rb3+ 48. Ke4 Rxh3 49. Kxe5 Kc5 50. Ke4 Rh1 51. Rd8 Re1+ 52.
Kf5 Rb1 53. Rd2 Kb4 54. Ke4 Kb3 55. Kd4 Kb4 56. Ke4 Kb3 57. Kd5 Rc1 58. Re2 Rg1
59. Re4 Rf1 60. Kc5 Rf8 61. Re6 Rc8+ 62. Kb5 Rg8 63. Kc5 Rg5+ 64. Kd4 h5 65.
gxh5 Rxh5 66. Re4 Rh2 67. Re8 Rd2+ 68. Ke3 Rxb2 69. Rb8+ Kc2 70. Rh8 0-1

[Event "I OPEN INTERNACIONAL HOTEL MURTA (Event code: 116333)"]
[Site "Hotel Murta, Carrer Catedràtic Angel Lacalle, s/n, 46800 Xativa (Valencia)"]
[Date "2015.08.29"]
[Round "9"]
[Board "8"]
[White "Serrano Felipe, Rafael"]
[Black "Manez Alino, Salvador"]
[Result "1-0"]
[WhiteElo "2168"]
[BlackElo "1781"]
[PlyCount "61"]
[EventDate "2015.08.25"]
[EventRounds "9"]
[EventCountry "ESP"]

1. e4 c5 2. Nf3 d6 3. d4 cxd4 4. Nxd4 Nf6 5. Nc3 a6 6. Bg5 e6 7. Qd3 Nbd7 8. f4
Qc7 9. Be2 b5 10. a3 Bb7 11. Bf3 Nc5 12. Qe2 Be7 13. O-O-O Rc8 14. Kb1 O-O 15.
e5 dxe5 16. fxe5 Bxf3 17. gxf3 Nd5 18. Nxd5 exd5 19. Bxe7 Qxe7 20. Rhg1 Ne6 21.
Nf5 Qc5 22. Rg4 d4 23. Nxg7 Nxg7 24. Rdg1 Kh8 25. Rxg7 Rg8 26. Qg2 Qf8 27.
Rxg8+ Qxg8 28. Qxg8+ Rxg8 29. Rxg8+ Kxg8 30. Kc1 Kg7 31. Kd2 1-0

[Event "I OPEN INTERNACIONAL HOTEL MURTA (Event code: 116333)"]
[Site "Hotel Murta, Carrer Catedràtic Angel Lacalle, s/n, 46800 Xativa (Valencia)"]
[Date "2015.08.29"]
[Round "9"]
[Board "9"]
[White "Pallas I Garrido, Ernest Josep"]
[Black "Hassomal Daswani, Birjkumar"]
[Result "1/2-1/2"]
[WhiteElo "1772"]
[BlackElo "2109"]
[PlyCount "147"]
[EventDate "2015.08.25"]
[EventRounds "9"]
[EventCountry "ESP"]

1. e4 c5 2. Nf3 d6 3. d4 cxd4 4. Qxd4 Nc6 5. Bb5 Bd7 6. Bxc6 Bxc6 7. Nc3 Nf6 8.
Bg5 e6 9. Rd1 Be7 10. O-O Qa5 11. Qd3 Rd8 12. Bxf6 Bxf6 13. Nd4 O-O 14. Kh1 a6
15. f4 Bd7 16. Rf3 g6 17. Rg3 Qb4 18. Nb3 Bc6 19. a3 Qb6 20. f5 Be5 21. Rh3
exf5 22. Qd2 f4 23. Nd5 Bxd5 24. exd5 Rfe8 25. Na5 Qc7 26. Rb3 Rb8 27. Re1 Kg7
28. Re4 Rec8 29. Rc4 Qd7 30. Rcb4 Rc7 31. Rb6 f3 32. gxf3 Qf5 33. Nc6 bxc6 34.
Rxb8 cxd5 35. Qd3 Qh3 36. f4 Qxd3 37. Rxd3 Bxf4 38. c3 Rc5 39. Rb7 Kf6 40. Rf3
g5 41. h4 h6 42. hxg5+ hxg5 43. Kg2 Ke6 44. Rf1 f5 45. Re1+ Be5 46. Rh1 f4 47.
Kf3 d4 48. Rh6+ Kd5 49. cxd4 Bxd4 50. Rg6 Kc6 51. Rb8 Kc7 52. Rgg8 Re5 53. Rb4
Re3+ 54. Kg4 Rg3+ 55. Kf5 Bc5 56. Rc4 Kc6 57. Rxg5 Rxg5+ 58. Kxg5 Kd5 59. Rc1
Ke4 60. Re1+ Be3 61. Kg4 d5 62. Rh1 d4 63. Rh7 Kd3 64. Kf3 a5 65. Ra7 Kc2 66.
Rxa5 d3 67. Ra8 Kxb2 68. a4 Kc3 69. Rd8 Bd4 70. Rc8+ Kb4 71. a5 d2 72. Ke2 Be3
73. a6 f3+ 74. Kd1 1/2-1/2

[Event "I OPEN INTERNACIONAL HOTEL MURTA (Event code: 116333)"]
[Site "Hotel Murta, Carrer Catedràtic Angel Lacalle, s/n, 46800 Xativa (Valencia)"]
[Date "2015.08.29"]
[Round "9"]
[Board "10"]
[White "Fernandez Sanchez, Vicente"]
[Black "Gonzalvez Tamarit, Ruben"]
[Result "0-1"]
[WhiteElo "1644"]
[BlackElo "1929"]
[PlyCount "58"]
[EventDate "2015.08.25"]
[EventRounds "9"]
[EventCountry "ESP"]

1. b3 e5 2. Bb2 Nc6 3. e3 d6 4. Nf3 Bg4 5. Be2 Nf6 6. Nxe5 Nxe5 7. Bxe5 Bxe2 8.
Qxe2 dxe5 9. Qb5+ Nd7 10. Qxb7 Bc5 11. Nc3 O-O 12. Qd5 Qe7 13. Ne4 Bb6 14. g4
Rad8 15. O-O-O a5 16. h4 a4 17. g5 axb3 18. cxb3 Qa3+ 19. Kb1 Nc5 20. Qc4 Nd3
21. Qc2 Ra8 22. Rdg1 Nb4 23. Nf6+ gxf6 24. gxf6+ Kh8 25. Qe4 Qxa2+ 26. Kc1 Qa1+
27. Qb1 Nd3+ 28. Kc2 Qxb1+ 29. Kxb1 Nxf2 0-1